00341nam a2200133Ia 4500008004100000020001500041041001200056082001600068100002000084245005400104260002500158300000800183650001600191221030s9999 xx 000 0 und d a0070531013 aEnglish a105.23bGus aD. A. Gustafson 0aSchaum`s software engineeringcby D. A. Gustafson bTMHaNew Delhic2003 a223 aBE Computer